| 000 | 00000nam 2200000zi 4500 |
| 001 | 9.946740 |
| 003 | CaOODSP |
| 005 | 20250110145112 |
| 006 | m o d f |
| 007 | cr |n||||||||| |
| 008 | 250110s1958 oncab o f000 0 fre d |
| 040 | |aCaOODSP|bfre|erda|cCaOODSP |
| 043 | |an-cn-qu |
| 086 | 1 |aA52-216/1958F-PDF |
| 086 | 1 |zA51-145F-PDF |
| 100 | 1 |aBellefleur, Ludger, |eauteur. |
| 245 | 10|aFerme expérimentale fédérale, Caplan, Québec : |brapport d'activité, 1948-1955 / |cLudger Bellefleur. |
| 264 | 1|aOttawa, Canada : |bMinistre de l'Agriculture, |c[1958] |
| 300 | |a1 ressource en ligne (43 pages) : |billustrations, carte |
| 336 | |atexte|btxt|2rdacontent/fre |
| 337 | |ainformatique|bc|2rdamedia/fre |
| 338 | |aressource en ligne|bcr|2rdacarrier/fre |
| 500 | |aÉdition numérisée de l'imprimé [par Agriculture et Agroalimentaire Canada]. |
| 610 | 25|aFerme expérimentale fédérale (Caplan, Québec) |
| 650 | 6|aStations agronomiques|zQuébec (Province)|zGaspésie-Îles-de-la-Madeleine. |
| 650 | 0|aAgricultural experiment stations|zQuébec (Province)|zGaspésie-Îles-de-la-Madeleine. |
| 710 | 2 |aFerme expérimentale fédérale (Caplan, Québec), |eorganisme de publication. |
| 710 | 1 |aCanada. |bService des fermes expérimentales, |eorganisme de publication. |
| 856 | 40|qPDF|s5.77 Mo|uhttps://publications.gc.ca/collections/collection_2025/aac-aafc/A51-145-1955-fra.pdf |
| 986 | |a50233-6—1 |